El Lazarillo de Tormes

Gardado en:
Detalles Bibliográficos
Formato: Libro
Idioma:Lingua castelá
Publicado: Santiago Andrés Bello 1996
Edición:4a. ed
Subjects:
Tags: Engadir etiqueta
Sen Etiquetas, Sexa o primeiro en etiquetar este rexistro!

MARC

LEADER 00000nam a2200000 a 4500
001 UCH8486
003 CL-VaPUC
008 091127e19960900CL |||||||||||||||||spa|d
020 |a 956131097X 
082 0 4 |a 863  |b LAZ  |2 21 
245 1 3 |a El Lazarillo de Tormes 
250 |a 4a. ed 
300 |a 91 p 
942 |c BK 
945 |d 20091127 00:00:00  |a lazolas 
260 |a Santiago  |b Andrés Bello  |c 1996 
500 |a Notas finales en torno al Lazarillo 
500 |a Serie de ejercicios para el alumno 
650 0 |a Novelas españolas  |9 265052 
650 0 |a Novelas picarescas  |9 420043 
650 7 |a SIGLO DE ORO  |2 CL-VaPUC  |9 387955 
583 |a last modification  |c 20091127 00:00:00  |k Rodrigo Vera 
999 |c 338698  |d 338696